| 000 | 00616nam a22002057a 4500 | ||
|---|---|---|---|
| 999 |
_c10767 _d10767 |
||
| 003 | AR-CdUCM | ||
| 008 | 190401b ||||| |||| 00| 0 spa d | ||
| 020 | _a978-9972-08-333-4 | ||
| 040 |
_aMUNICIPALIDAD PROVINCIAL DEL CUSCO _cBIBLIOTECA MUNICIPAL DEL CUSCO |
||
| 082 |
_aES / 800 / _bP19 |
||
| 100 |
_aPalma, Ricardo _9304 |
||
| 245 | _aTradiciones Peruanas / | ||
| 260 |
_aPerú : _bChirre, _c2002. |
||
| 300 |
_a128 paginas ; _c15 cm. |
||
| 505 | _aContenido :Tradiciones peruanas. | ||
| 650 |
_aLiteratura contemporánea _9759 |
||
| 650 |
_aHistoria del Perú _9259 |
||
| 942 |
_2ddc _cLIBROS |
||
| 945 | _arum | ||